书目信息 |
| 题名: |
简明中国近现代史词典
|
|
| 作者: | ;北京师范学院历史系中国近现代史教研室 编 | |
| 分册: | ||
| 出版信息: | 北京 中国青年出版社 1985 |
|
| 页数: | 2册 | |
| 开本: | 19cm | |
| 丛书名: | ||
| 单 册: | ||
| 中图分类: | K25-61 , K-61 | |
| 科图分类: | ||
| 主题词: | 现代史-中国--词典 , 近代史-中国--词典 , 历史 , 地理 | |
| 电子资源: | ||
| ISBN: | ||
| 000 | 00958nam0 2200301 45 | |
| 001 | 1548127502 | |
| 005 | 20150127133457.62 | |
| 010 | @dCNY2.50 | |
| 091 | @aCN@b11009.144 | |
| 100 | @a19901008g1985 em y0chiy0121 ea | |
| 101 | 0 | @achi |
| 102 | @aCN@b110000 | |
| 105 | @ay c 000yy | |
| 200 | 10 | @a简明中国近现代史词典@Ajian ming zhong guo jin xian dai shi ci dian@f北京师范学院历史系中国近现代史教研室编 |
| 210 | @a北京@c中国青年出版社@d1985 | |
| 215 | @a2册@d19cm | |
| 517 | 1 | @a中国近现代史词典@Azhong guo jin xian dai shi ci dian |
| 606 | @a现代史-中国@x词典 | |
| 606 | @a近代史-中国@x词典 | |
| 606 | 0 | @a历史 |
| 606 | 0 | @a地理 |
| 607 | @a中国@x现代史@x词典 | |
| 607 | @a中国@x近代史@x词典 | |
| 690 | @aK25-61@v3 | |
| 690 | @aK-61@v4 | |
| 711 | 02 | @a北京师范学院历史系中国近现代史教研室@Abei jing shi fan xue yuan li shi xi zhong guo jin xian dai shi jiao yan shi@4编 |
| 801 | 0 | @aCN@bTSSF@c20150127 |
| 905 | @aZUCC@dK-61@eJY12:2 | |
| 简明中国近现代史词典/北京师范学院历史系中国近现代史教研室编.-北京:中国青年出版社,1985 |
| 2册;19cm |
| ISBN :CNY2.50 |
| ● |
| 相关链接 |
|
|
|
|
正题名:简明中国近现代史词典
索取号:K-61/JY12:2
 
预约/预借
| 序号 | 登录号 | 条形码 | 馆藏地/架位号 | 状态 | 备注 |
| 1 | 7852830 | 278528309 | 学院路分馆/ [索取号:K-61/JY12:2] | 在馆 | |
| 2 | 7852831 | 278528318 | 学院路分馆/ [索取号:K-61/JY12:2] | 在馆 |